000 00532 a2200217 4500
005 20260318092852.0
008 260317b |||||||| |||| 00| 0 eng d
020 _a9789363636545
_cRs. 1295.00
040 _aMAIN
082 _a576
_bS61F(2)
100 _a Sumbali, Geeta
245 _aFundamentals of microbiology
250 _a2nd
260 _bMedtech
_c2026
_aNew Delhi
300 _axvi, 947
650 _aMicrobiology
650 _aMicroscopy
650 _aPlant Viruses
700 _aMehrotra, R S
942 _cBK
999 _c395809
_d395809